| 000 | 00505nam a2200217Ia 4500 | ||
|---|---|---|---|
| 003 | 0100 | ||
| 008 | 130303s9999 xx 000 0 und d | ||
| 020 | _a1591023726 | ||
| 040 | _cARRUPELIB | ||
| 050 | _aBD111.R32 2005 | ||
| 100 | _aRescher, Nicholas | ||
| 245 | _aMetaphysics | ||
| 245 | _bthe key issues from a realistic perspective | ||
| 260 | _aNew York | ||
| 260 | _bPrometheus Books | ||
| 260 | _C2005 | ||
| 300 | _a352p. | ||
| 300 | _b 22cm | ||
| 650 | _bSwearing | ||
| 942 |
_2lcc _03 |
||
| 999 |
_c62074 _d62074 |
||